[Event "Grand Prix #3 (w)"]
[Site "Jermuk ARM"]
[Date "2010.06.29"]
[Round "6"]
[White "Dzagnidze, Nana"]
[Black "Kosintseva, Tatiana"]
[Result "1-0"]
[WhiteElo "2535"]
[BlackElo "2536"]
[EventDate "2010.06.23"]
[PlyCount "101"]

1.d4 Nf6 2.c4 e6 3.Nc3 Bb4 4.e3 O-O 5.Ne2 d5 6.a3 Be7 7.cxd5 exd5 8.g3 a5 
9.Bg2 Na6 10.O-O Re8 11.f3 c5 12.Bd2 b6 13.Be1 Nc7 14.Bf2 Ba6 15.Qd2 cxd4 
16.exd4 Bf8 17.Rfe1 Ne6 18.Nc1 b5 19.Nd3 b4 20.Na4 bxa3 21.bxa3 Bb5 22.Nc3
Ba6 23.Ne5 Qd6 24.f4 Nc7 25.Qa2 Rad8 26.Na4 Nd7 27.Rac1 Bb5 28.Nc5 Nxc5 
29.Rxc5 Bc4 30.Qd2 Qb6 31.Nxc4 Rxe1+ 32.Qxe1 dxc4 33.Rc6 Qa7 34.d5 Qb8 35.
Bb6 Re8 36.Qxa5 Na8 37.Bf2 Qb3 38.Ra6 c3 39.Rc6 Qd1+ 40.Bf1 c2 41.Qc3 Re2 
42.d6 Nb6 43.Bxb6 Re1 44.Qxe1 Qxe1 45.d7 c1=Q 46.Rxc1 Qxc1 47.d8=Q Qxa3 
48.Qd5 Qc1 49.Kg2 Qc2+ 50.Bf2 Qc7 51.Bc4 1-0